| 000 | 01170nam a22002177a 4500 | ||
|---|---|---|---|
| 003 | DO-SdBNP | ||
| 005 | 20211019150059.0 | ||
| 007 | ta | ||
| 008 | 211019b2017 dr ac||| |||| 00| 0 spa d | ||
| 040 |
_aDO-SdBNP _bspa _cBNPHU |
||
| 082 | 4 |
_222 _bE77v |
|
| 100 | 1 |
_aEspinal, Josián, _d1935- _980274 |
|
| 245 | 1 | 0 |
_aLa vaquita de Emiliano y otros versos / _cJosián Espinal ; compilador : Pedro Espinal. |
| 260 |
_aSanto Domingo : _bPapelmaché, _c2017. |
||
| 300 |
_a70 p. : _bil., retrs. ; _c22 cm. |
||
| 505 | 0 | _aDedicatoria, 7.-- Agradecimientos, 8.-- Josián Espinal en la memoriacultural de Sabaneta, 9.-- Palabras introductorias, 21.-- Introducción del autor, 35.-- Décima a La vaquita de Emiliano:primera parte, 37.-- Décima a La vaquita de Emiliano:segunda parte, 45.-- Otros versos, 59.-- Aquella noche de enero, 60.-- Palomita quinceañera, 62.-- Quiero, 63.-- Cuando no estoy contigo, 64.-- A la madre viva, 65.-- A la madre muerta, 67.-- Cuando tú me quieras, 68.-- Ahora que te pierdo, 69.-- Déjame besarte, 70. | |
| 590 | _aInventariado, 2021 /LP | ||
| 700 | 1 |
_aEspinal, Pedro, _ecompilador _980275 |
|
| 910 | _aLopérez | ||
| 942 |
_2ddc _cLBS1 |
||
| 999 |
_c50781 _d50781 |
||